[Event "HUN-chT1"]
[Site "HUN"]
[Date "1995.??.??"]
[Round "?"]
[White "Medvegy, Nora"]
[Black "Molnar, Janos"]
[Result "1-0"]
[WhiteElo "2235"]
[BlackElo "2205"]

1.e4 e6 2.d4 d5 3.Nc3 Nf6 4.e5 Nfd7 5.Nf3 c5 6.dxc5 Bxc5 7.Bd3 Nc6 8.Bf4 Qb6
9.O-O Qxb2 10.Nb5 Qb4 11.Bd2 Qg4 12.h3 Qh5 13.Nc7+ Kd8 14.Nxa8 Ndxe5 15.Nxe5 Qxe5
16.Re1 Qf6 17.Be3 d4 18.Be4 Bd7 19.Bd2 g6 20.Qg4 Be7 21.Qg3 e5 22.Rab1 Kc8
23.Qb3 b6 24.Nxb6+ axb6 25.Qxb6 Qd6 26.Qb7+ Kd8 27.Qa8+  1-0

[Event "HUN-chT1"]
[Site "HUN"]
[Date "1995.??.??"]
[Round "?"]
[White "Albert, Kornelia"]
[Black "Csizmadia, Laszlo"]
[Result "1/2-1/2"]
[WhiteElo "2110"]
[BlackElo "2185"]

1.e4 e6 2.d4 d5 3.Nc3 Nf6 4.e5 Nfd7 5.f4 c5 6.Nf3 Nc6 7.dxc5 Bxc5 8.Bd3 a6
9.Qe2 b5 10.f5 Nb6 11.fxe6 Bxe6 12.Ng5 Qe7 13.Nxe6 Qxe6 14.Bf4 b4 15.Nd1 Nc4
16.Bxc4 dxc4 17.Nf2 Nd4 18.Qe4 O-O 19.O-O f5 20.exf6 Ne2+ 21.Kh1 Nxf4 22.Qxf4 Rxf6
23.Qe4 Raf8 24.Rfe1 Qf7 25.Nh3 Rf1+ 26.Ng1 Rxg1+ 27.Rxg1 Bxg1 28.Rxg1 Rd8
29.Qc6 a5 30.Re1 Qd5 31.Qc7 h6 32.h3 Rd7 33.Qb8+ Rd8  1/2-1/2

[Event "HUN-chT2 9495"]
[Site "HUN"]
[Date "1995.??.??"]
[Round "?"]
[White "Magyar, Otto"]
[Black "Rithnovszky, Antal"]
[Result "1-0"]
[WhiteElo "2325"]
[BlackElo "2205"]

1.e4 e6 2.d4 d5 3.Nc3 Nf6 4.e5 Nfd7 5.f4 a6 6.Be3 c5 7.Nf3 Nc6 8.Qd2 g6 9.O-O-O cxd4
10.Nxd4 Nxd4 11.Bxd4 Nb8 12.Qf2 Bd7 13.Nxd5 exd5 14.e6 Bxe6 15.Bxh8 Nc6 16.Kb1 Qa5
17.Bc3 Bb4 18.Bxb4 Nxb4 19.a3 Nc6 20.Bd3 O-O-O 21.f5 gxf5 22.Bxf5 d4 23.Rhf1 Qd5
24.Bxe6+ fxe6 25.Qf3 Qd6 26.Qh3 Rd7 27.Rf6 Nd8 28.Rh6 Qe7 29.Re1 Kb8 30.Qg3+ Ka7
31.Qf4 Qc5 32.Qe4 Qc7 33.Rh5 Nc6 34.Rh6 e5 35.g4 Rf7 36.g5 Qa5 37.Rd1 Qc7
38.h4 Na5 39.Rf6 Re7 40.b3 Qc5 41.b4 Qb5 42.Rxd4 exd4 43.Qxe7 Nc4 44.Qc5+  1-0

[Event "HUN-chT1 9596"]
[Site "HUN"]
[Date "1995.??.??"]
[Round "4"]
[White "Marti, Gyorgy"]
[Black "Jakab, Attila"]
[Result "1/2-1/2"]
[WhiteElo "2340"]
[BlackElo "2030"]

1.e4 e6 2.d4 d5 3.Nc3 Nf6 4.e5 Nfd7 5.f4 c5 6.Nf3 Nc6 7.Be3 cxd4 8.Nxd4 Nxd4
9.Bxd4 Nb8 10.Bb5+ Nc6 11.O-O Be7 12.Ne2 Bd7  1/2-1/2

[Event "Platonov mem"]
[Site "Kiev"]
[Date "1995.??.??"]
[Round "1"]
[White "Kruppa, Yuri"]
[Black "Savchenko, Stanislav"]
[Result "1/2-1/2"]
[WhiteElo "2570"]
[BlackElo "2590"]

1.e4 e6 2.d4 d5 3.Nc3 Nf6 4.e5 Nfd7 5.f4 c5 6.Nf3 Nc6 7.Be3 cxd4 8.Nxd4 Bc5
9.Qd2 Nxd4 10.Bxd4 b6 11.O-O-O Bb7 12.Bb5 O-O 13.Rhe1 Rc8 14.Re3 Bxd4 15.Qxd4 Nc5
16.Rh3 Qe7 17.Bd3 g6 18.Bf1 f5 19.Nb5 Ba6 20.Nd6 Rc7 21.Bxa6 Nxa6 22.Rg1 h5
23.Rg3  1/2-1/2

[Event "SLO-chT qual"]
[Site "Kranj"]
[Date "1995.??.??"]
[Round "?"]
[White "Gaspersic, M."]
[Black "Dolenc, M."]
[Result "1-0"]
[WhiteElo "1835"]
[BlackElo "1700"]

1.e4 e6 2.d4 d5 3.Nc3 Nf6 4.e5 Nfd7 5.Nf3 c5 6.Bf4 Qb6 7.Na4 Qa5+ 8.Nc3 Nc6
9.Be2 Qb4 10.O-O Qxb2 11.Nb5 cxd4 12.Nc7+ Kd8 13.Nxa8 Bc5 14.Bg5+ f6 15.exf6 gxf6
16.Bd2 b6 17.Bd3 Bb7 18.a3 e5 19.Qe2 e4 20.Rfb1 exd3 21.Qxd3 Qxa1 22.Rxa1 Bxa8
23.Qf5 Ne7 24.Qe6 Bb7 25.Bb4 Rf8 26.Re1 Re8 27.Bxc5 bxc5 28.Nh4 Bc8 29.f4 c4
30.Nf5 Ne5 31.Qd6+ Bd7 32.Nxe7  1-0

[Event "SLO-chT qual"]
[Site "Kranj"]
[Date "1995.??.??"]
[Round "?"]
[White "Firm, A."]
[Black "Marusic, Nada"]
[Result "0-1"]
[WhiteElo "1700"]
[BlackElo "1920"]

1.e4 e6 2.d4 d5 3.Nc3 Nf6 4.e5 Nfd7 5.Nf3 c5 6.Be3 Nc6 7.Bb5 Qb6 8.Rb1 a6
9.Bxc6 bxc6 10.O-O cxd4 11.Nxd4 c5 12.f4 cxd4 13.Bxd4 Bc5 14.Bxc5 Qxc5+ 15.Kh1 f5
16.Rf3 O-O 17.Rh3 Rf7 18.Ne2 Bb7 19.Nd4 Qe7 20.Qh5 g6 21.Qh6 Nc5 22.Re1 Re8
23.Kg1 Ne4 24.Ree3 Qb4 25.Nb3 a5 26.c3 Qb6 27.Nd4 Qxb2 28.Rhf3 Qc1+ 29.Rf1 Qxe3+  0-1

[Event "Las Palmas op"]
[Site "Las Palmas"]
[Date "1995.??.??"]
[Round "3"]
[White "Rogers, Ian"]
[Black "Alvarado, Francisco"]
[Result "1-0"]
[WhiteElo "2600"]
[BlackElo "2135"]

1.e4 e6 2.d4 d5 3.Nc3 Nf6 4.e5 Nfd7 5.Nf3 c5 6.dxc5 Bxc5 7.Bd3 Nc6 8.Bf4 f6
9.exf6 Nxf6 10.O-O O-O 11.Ne5 Ne4 12.Bxe4 Rxf4 13.Nd3 Bxf2+ 14.Nxf2 dxe4
15.Qxd8+ Nxd8 16.Rfd1 Nc6 17.Ncxe4 e5 18.g3 Rf8 19.c3 Bf5 20.Rd2 Rad8 21.Rad1 Rxd2
22.Rxd2 Rd8 23.Rxd8+ Nxd8 24.Nd6 Bb1 25.a3 b6 26.Ng4 Nc6 27.b4 e4 28.b5 Ne7
29.c4 h5 30.Ne5  1-0

[Event "GER-ch U20"]
[Site "Leipzig"]
[Date "1995.??.??"]
[Round "8"]
[White "Hetey, Laszlo"]
[Black "Ellers, Holger"]
[Result "0-1"]
[WhiteElo "2290"]
[BlackElo "2360"]

1.e4 e6 2.d4 d5 3.Nc3 Nf6 4.e5 Nfd7 5.f4 c5 6.Nce2 b5 7.Nf3 b4 8.a3 bxa3
9.Rxa3 Nc6 10.Ra2 Qb6 11.c3 Ba6 12.Ng3 Bxf1 13.Rxf1 cxd4 14.Nxd4 Nxd4 15.Qxd4 Bc5
16.Qa4 Qc7 17.Qa5 Bb6 18.Qb4 Rb8 19.Ke2 a5 20.Qa4 O-O 21.Be3 Bxe3 22.Kxe3 Rxb2
23.Qxa5 Nb6 24.Kf3 Rxa2 25.Qxa2 Qxc3+ 26.Kg4 Nc4 27.Rf3 Qd4 28.Kh3 f6 29.Qa6 Qb6
30.Qxb6 Nxb6 31.Rb3 Nc4 32.f5 fxe5 33.fxe6 Re8 34.Rb5 Ne3 35.Rb6 g6 36.Ne2 d4
37.Ng3 Nd5 38.Rd6 Nf4+ 39.Kg4 Rxe6 40.Rd8+ Kf7 41.Ne4 Re7 42.g3 Nh5 43.Kg5 Kg7
44.Rd6 h6+ 45.Kh4 Kf7 46.h3 Re6 47.Rd7+ Ke8 48.Ra7 Nf6 49.Ra8+ Ke7 50.Ra7+ Kd8
51.Ra8+ Kc7  0-1

[Event "Lippstadt"]
[Site "Lippstadt"]
[Date "1995.??.??"]
[Round "2"]
[White "Mainka, Romuald"]
[Black "Sharif, Mershad"]
[Result "1/2-1/2"]
[WhiteElo "2530"]
[BlackElo "2465"]

1.e4 e6 2.d4 d5 3.Nc3 Nf6 4.e5 Ne4 5.Bd3 Nxc3 6.bxc3 c5 7.Nf3 Nc6 8.O-O Be7
9.dxc5 Qc7 10.Re1 Bxc5 11.Qe2 h6 12.c4 dxc4 13.Bxc4 Bd7 14.Rb1 O-O-O  1/2-1/2

[Event "POL-chT"]
[Site "Lubniewice"]
[Date "1995.??.??"]
[Round "2"]
[White "Kuczynski, Robert"]
[Black "Schmidt, Wlodzimierz"]
[Result "1-0"]
[WhiteElo "2480"]
[BlackElo "2450"]

1.e4 e6 2.d4 d5 3.Nc3 Nf6 4.e5 Nfd7 5.f4 c5 6.Nf3 Nc6 7.Be3 a6 8.Qd2 b5 9.dxc5 Bxc5
10.Bxc5 Nxc5 11.Qf2 Qb6 12.Bd3 b4 13.Ne2 a5 14.O-O Ba6 15.Kh1 Ne7 16.b3 h6
17.Rad1 O-O 18.g4 d4 19.Bxa6 Qxa6 20.Rxd4 Rfd8 21.Ng3 Rxd4 22.Qxd4 Rc8 23.Kg1 Nd5
24.f5 Nc3 25.Qe3 Qb6 26.Kh1 Nd5 27.Qf2 Nd7 28.Qxb6 N7xb6 29.fxe6 fxe6 30.Nd4 Ne3
31.Rg1 Nxg4 32.Nh5 Nf2+ 33.Kg2 Ne4 34.Nxe6 g5 35.Nd4 Nd5 36.Re1 Nc5 37.e6 Kh7
38.Re5 Kg6 39.Rxd5 Kxh5 40.e7 Nb7 41.Rd7  1-0

[Event "POL-chT"]
[Site "Lubniewice"]
[Date "1995.??.??"]
[Round "5"]
[White "Brustman, Agnieszka"]
[Black "Kaczorowska, Barbara"]
[Result "1-0"]
[WhiteElo "2295"]
[BlackElo "2135"]

1.e4 e6 2.d4 d5 3.Nc3 Nf6 4.e5 Nfd7 5.f4 c5 6.Nf3 Nc6 7.Be3 cxd4 8.Nxd4 Bc5
9.Qd2 Bxd4 10.Bxd4 Nxd4 11.Qxd4 Qb6 12.Nb5 Qxd4 13.Nxd4 Ke7 14.Bd3 h5 15.Kd2 g6
16.g3 Nc5 17.h3 Bd7 18.Ke3 Bc6 19.Kf2 Rac8 20.Rad1 b6 21.g4 hxg4 22.hxg4 Bb7
23.f5 gxf5 24.gxf5 Rxh1 25.f6+ Kf8 26.Rxh1 Nxd3+ 27.Ke3 Ke8 28.cxd3 a6 29.Rh7 Rc1
30.Rh8+ Kd7 31.Rf8 Re1+ 32.Kd2 Bc8 33.Kxe1  1-0

[Event "POL-chT"]
[Site "Lubniewice"]
[Date "1995.??.??"]
[Round "11"]
[White "Ciemniak, Robert"]
[Black "Schmidt, Wlodzimierz"]
[Result "1/2-1/2"]
[WhiteElo "2395"]
[BlackElo "2450"]

1.e4 e6 2.d4 d5 3.Nc3 Nf6 4.e5 Nfd7 5.f4 c5 6.Nf3 Nc6 7.Be3 a6 8.Qd2 b5 9.dxc5 Bxc5
10.Qf2 Qb6 11.Bd3 b4 12.Ne2 a5 13.O-O Ba6 14.Rfd1 O-O 15.Ned4 Rfc8 16.Nxc6  1/2-1/2

[Event "Lyon op"]
[Site "Lyon"]
[Date "1995.??.??"]
[Round "4"]
[White "Libiszewski, Fabien"]
[Black "Luchetti, Pedro"]
[Result "1/2-1/2"]
[WhiteElo "1720"]
[BlackElo "2110"]

1.e4 e6 2.d4 d5 3.Nc3 Nf6 4.e5 Nfd7 5.f4 c5 6.Nf3 Nc6 7.Be3 a6 8.Qd2 cxd4
9.Nxd4 Nxd4 10.Bxd4 g6 11.O-O-O b5 12.h4 h5 13.Qf2 Bb7 14.Kb1 Rc8 15.g4 hxg4
16.Qg3 Qc7 17.Bd3 Bc5 18.Ne2 Qb6 19.Bxc5 Nxc5 20.Qxg4 Nxd3 21.cxd3 d4 22.Rh3 Rh5
23.Qg1 Rd8 24.Ng3 Rh8 25.Qf1 Bd5 26.h5 Qa5 27.b3 gxh5 28.Rxh5 Rxh5 29.Nxh5 Qb4
30.Nf6+ Ke7 31.Rc1 Bxb3 32.axb3 Qxb3+ 33.Ka1 Qa3+ 34.Kb1 Qb3+  1/2-1/2

[Event "Capablanca mem-B"]
[Site "Matanzas"]
[Date "1995.??.??"]
[Round "5"]
[White "Mitkov, Nikola"]
[Black "Alvarez Ibarra, D Rafael"]
[Result "0-1"]
[WhiteElo "2475"]
[BlackElo "2440"]

1.e4 e6 2.d4 d5 3.Nc3 Nf6 4.e5 Nfd7 5.f4 c5 6.Nf3 Nc6 7.Be3 cxd4 8.Nxd4 Qb6
9.Be2 Bc5 10.Na4 Qa5+ 11.c3 Bxd4 12.Bxd4 Nxd4 13.Qxd4 b6 14.Bd1 Qb5 15.b4 O-O
16.Nb2 f6 17.Ba4 Qa6 18.Bc6 fxe5 19.fxe5 Rb8 20.Kd2 Nc5 21.Ke3 Bd7 22.Bxd7 Nxd7
23.Rhe1 Qa3 24.Re2 Rbc8 25.Kd3 Rf4  0-1

[Event "Moscow1"]
[Site "Moscow"]
[Date "1995.??.??"]
[Round "?"]
[White "Grechinin, Valery"]
[Black "Shabanov, Yuri"]
[Result "1/2-1/2"]
[WhiteElo "2165"]
[BlackElo "2430"]

1.e4 e6 2.d4 d5 3.Nc3 Nf6 4.e5 Nfd7 5.f4 c5 6.Nf3 Qb6 7.Ne2 Be7 8.c3 O-O
9.Ng3 Nc6 10.Bd3 f5 11.exf6 Nxf6 12.O-O cxd4 13.Kh1 dxc3 14.bxc3 Bd7 15.Qe2 Rae8
16.Ne5 Bc8 17.Be3 Qc7 18.Bd4 Bd6 19.Rae1 a6 20.Rf3 b5 21.Re3 Nxd4 22.cxd4 Qb6
23.Nh5 Re7 24.Rh3 Ne4 25.Bxe4 dxe4 26.Qxe4 Bxe5 27.fxe5 Ref7 28.Qxh7+ Kxh7
29.Nf6+ Kg6 30.Rg3+ Kh6 31.Rh3+ Kg6 32.Rg3+ Kh6  1/2-1/2

[Event "Moscow (Women)"]
[Site "Moscow"]
[Date "1995.??.??"]
[Round "?"]
[White "Roschina, Tatiana"]
[Black "Zaitseva, Ludmila G"]
[Result "1/2-1/2"]
[WhiteElo "2190"]
[BlackElo "2320"]

1.e4 e6 2.d4 d5 3.Nc3 Nf6 4.e5 Nfd7 5.f4 c5 6.Nf3 Nc6 7.Be3 a6 8.Qd2 b5 9.Bd3 Qb6
10.Qf2 cxd4 11.Nxd4 Nxd4 12.Bxd4 Bc5 13.Bxc5 Nxc5 14.O-O  1/2-1/2

[Event "Moscow1"]
[Site "Moscow"]
[Date "1995.??.??"]
[Round "?"]
[White "Grechinin, Valery"]
[Black "Dokuchaev, Aleksander"]
[Result "1/2-1/2"]
[WhiteElo "2165"]
[BlackElo "2395"]

1.e4 e6 2.d4 d5 3.Nc3 Nf6 4.e5 Nfd7 5.f4 c5 6.Nf3 Nc6 7.Be3 cxd4 8.Nxd4 Bc5
9.Qd2 Bxd4 10.Bxd4 Nxd4 11.Qxd4 Qb6 12.Qxb6 Nxb6 13.Kd2 Bd7  1/2-1/2

[Event "Moscow op"]
[Site "Moscow"]
[Date "1995.??.??"]
[Round "1"]
[White "Roschina, Tatiana"]
[Black "Danielian, Oganes"]
[Result "0-1"]
[WhiteElo "2190"]
[BlackElo "2455"]

1.e4 e6 2.d4 d5 3.Nc3 Nf6 4.e5 Ne4 5.Nce2 f6 6.f3 Ng5 7.Bxg5 fxg5 8.f4 c5
9.Nf3 g4 10.Nd2 Qb6 11.Rb1 Nc6 12.Nb3 Be7 13.g3 O-O 14.Bg2 cxd4 15.Nexd4 a5
16.a4 Bd7 17.c3 Nxd4 18.Nxd4 Bc5 19.O-O Rac8 20.Kh1 Bxd4 21.cxd4 Rc4 22.Qxg4 Rxd4
23.Rfd1 Rc8 24.Bxd5 Rxd5 25.Rxd5 Qc6 26.Rd1 exd5 27.f5 Qxa4  0-1

[Event "Moscow op"]
[Site "Moscow"]
[Date "1995.??.??"]
[Round "3"]
[White "Kalegin, Evgenij"]
[Black "Kozlov, Vladimir E"]
[Result "1-0"]
[WhiteElo "2450"]
[BlackElo "2420"]

1.e4 e6 2.d4 d5 3.Nc3 Nf6 4.e5 Nfd7 5.f4 c5 6.Nf3 Nc6 7.Be3 a6 8.Qd2 cxd4
9.Nxd4 Nxd4 10.Bxd4 b5 11.O-O-O b4 12.Na4 Bb7 13.b3 Bc6 14.Nb2 a5 15.Nd3 Qb8
16.g4 Be7 17.f5 Bb5 18.Nf4 Ra6 19.Nh5 g6 20.Nf6+ Kd8 21.Nxd5 exd5 22.e6 f6
23.exd7 gxf5 24.gxf5 Bxf1 25.Rhxf1 Rd6 26.Rfe1 Kxd7 27.Bc5 Rc8 28.Bxd6 Qxd6
29.Re6 Qc7 30.Qxd5+ Ke8 31.Re2  1-0

[Event "Moscow op"]
[Site "Moscow"]
[Date "1995.??.??"]
[Round "5"]
[White "Kalegin, Evgenij"]
[Black "Danielian, Oganes"]
[Result "1-0"]
[WhiteElo "2450"]
[BlackElo "2455"]

1.e4 e6 2.d4 d5 3.Nc3 Nf6 4.e5 Ne4 5.Nxe4 dxe4 6.Be3 c5 7.dxc5 Nd7 8.Qg4 Nxc5
9.Bb5+ Nd7 10.Ne2 Qa5+ 11.Nc3 a6 12.Ba4 Qxe5 13.Qxe4 Qxe4 14.Nxe4 b5 15.Bb3 Bb7
16.f3 Bxe4 17.fxe4 Bc5 18.Ke2 Bxe3 19.Kxe3 Ke7 20.a4 b4 21.a5 Rhc8 22.Rhd1 Rab8
23.Rd4 Ne5 24.Ra4 Nc6 25.Rc4 Rb7 26.Ra1 Rbc7 27.Rc5 Kd6 28.Rg5 g6 29.Rd1+ Ke7
30.Rc5 Nd8 31.Rxc7+ Rxc7 32.Rd4 Nc6 33.Rc4 Kd6 34.Ba4 e5 35.Bxc6 Rxc6 36.Rxb4 Rxc2
37.Rb6+ Rc6 38.Rb7 f5 39.Rxh7 Rc2 40.Rh6 f4+ 41.Kf3 Rxb2 42.Rxg6+ Kc5 43.Rxa6 Rb3+
44.Kg4 Rb2 45.Kf5 Kd4 46.Rd6+ Ke3 47.Rg6 Rb4 48.Rb6 Ra4 49.a6 Ra2 50.Kxe5 Ra5+
51.Kd6 Kxe4  1-0

[Event "Moscow op"]
[Site "Moscow"]
[Date "1995.??.??"]
[Round "7"]
[White "Barskij, Vladimir"]
[Black "Danielian, Oganes"]
[Result "0-1"]
[WhiteElo "2355"]
[BlackElo "2455"]

1.e4 e6 2.d4 d5 3.Nc3 Nf6 4.e5 Nfd7 5.f4 c5 6.Nf3 Nc6 7.Be3 Qb6 8.Na4 Qa5+
9.c3 b6 10.Bd2 c4 11.b4 Qa6 12.Be2 Be7 13.Nb2 b5 14.a4 bxa4 15.Nxa4 Qb5 16.O-O O-O
17.Qc2 a5 18.Nc5 Rb8 19.Rfb1 axb4 20.cxb4 h5 21.Bc3 Rd8 22.Nd2 h4 23.Bh5 Nf8
24.Nf3 Bd7 25.Qf2 Be8 26.Qe1 Ra8 27.Nxh4 Rxa1 28.Rxa1 Rb8 29.Kh1 Nd7 30.Bd1 Nb6
31.Nf3 Ra8 32.Rxa8 Nxa8 33.Bc2 Nc7 34.f5 exf5 35.Bxf5 Qb8 36.e6 f6 37.Nh4 Nb5
38.Nd7 Qf4 39.g3 Qh6 40.Bd2 g5 41.Qa1 Qh5 42.Ng2 Qf3 43.g4 Ncxd4 44.Be3 Nxf5
45.Nxf6+ Bxf6 46.Qxf6 Ng3+  0-1

[Event "Mravinci-A"]
[Site "Mravinci"]
[Date "1995.??.??"]
[Round "?"]
[White "Roschina, Tatiana"]
[Black "Kovacevic, Vlatko"]
[Result "0-1"]
[WhiteElo "2190"]
[BlackElo "2520"]

1.e4 e6 2.d4 d5 3.Nc3 Nf6 4.e5 Nfd7 5.f4 c5 6.Nf3 Nc6 7.Be3 a6 8.Qd2 cxd4
9.Nxd4 Bc5 10.O-O-O Qc7 11.Re1 O-O 12.h4 Bxd4 13.Bxd4 b5 14.Rh3 b4 15.Na4 a5
16.f5 Ndxe5 17.Rxe5 Nxe5 18.f6 Ba6 19.Bxa6 Rxa6 20.Qe3 Ng6 21.Nc5 Rc8 22.h5 Nf4
23.Rg3 g6 24.hxg6 hxg6 25.c3 e5 26.Bxe5 Qxc5 27.Qxf4 bxc3 28.bxc3 Rb6 29.Qa4 Qg1+
30.Kd2 Rb2+ 31.Kd3 Qf1+  0-1

[Event "NLD-chT9596"]
[Site "?"]
[Date "1995.??.??"]
[Round "?"]
[White "Van de Oudeweetering, Arthur"]
[Black "Boersma, Paulus A"]
[Result "1-0"]
[WhiteElo "2330"]
[BlackElo "2355"]

1.e4 e6 2.d4 d5 3.Nc3 Nf6 4.e5 Nfd7 5.Nf3 c5 6.Bb5 Nc6 7.O-O a6 8.Bxc6 bxc6
9.Ne2 a5 10.Ng3 Qb6 11.Re1 cxd4 12.Nxd4 g6 13.Rb1 Bg7 14.Bf4 c5 15.Nf3 Bb7
16.c3 Bc6 17.Qd2 h6 18.h4 a4 19.b4 a3 20.c4 Ra4 21.cxd5 Bxd5 22.bxc5 Qxc5
23.Rec1 Qa5 24.Qe3 Qa7 25.Qd2 O-O 26.Bxh6 Bxf3 27.Bxg7 Kxg7 28.gxf3 Nxe5
29.Qc3 Rc4 30.Qxe5+  1-0

[Event "NLD-chT9596"]
[Site "?"]
[Date "1995.??.??"]
[Round "?"]
[White "Nijboer, Friso"]
[Black "Kuijf, Marinus"]
[Result "1/2-1/2"]
[WhiteElo "2510"]
[BlackElo "2465"]

1.e4 e6 2.d4 d5 3.Nc3 Nf6 4.e5 Nfd7 5.f4 c5 6.Nf3 a6 7.Be3 b5 8.dxc5 Nxc5
9.Bd3 Be7 10.O-O Nc6 11.Nd4 Nxd4 12.Bxd4 b4 13.Ne2 O-O 14.g4 Ne4 15.Ng3 Bb7
16.Qe1 Rc8 17.Rd1 Qc7 18.Qe3 a5 19.Rfe1 Bc5 20.Re2 Bxd4 21.Qxd4 Qc5 22.Bxe4 dxe4
23.Qxc5 Rxc5 24.Rd7 Bd5 25.Kf2 Rfc8 26.Ke3 h6 27.Nxe4 Rxc2 28.Rxc2 Rxc2 29.Nd6 Rxb2
30.f5 exf5 31.gxf5 Bxa2 32.Re7 Rxh2 33.e6 fxe6 34.fxe6 a4 35.Ne4 Bb1 36.Ra7 b3
37.Kd4 h5  1/2-1/2

[Event "Novgorod op"]
[Site "Novgorod"]
[Date "1995.??.??"]
[Round "4"]
[White "Tseshkovsky, Vitaly"]
[Black "Dolmatov, Sergey"]
[Result "1/2-1/2"]
[WhiteElo "2530"]
[BlackElo "2605"]

1.e4 e6 2.d4 d5 3.Nc3 Nf6 4.e5 Nfd7 5.f4 c5 6.Nf3 Nc6 7.Be3 cxd4 8.Nxd4 Bc5
9.Qd2 Nxd4 10.Bxd4 Bxd4 11.Qxd4 Qb6 12.Qxb6 Nxb6 13.O-O-O Bd7 14.b3 Nc8 15.h4 h5
16.Rh3 Ne7 17.Nb5 Bxb5 18.Bxb5+ Kd8 19.a4 Rc8 20.Kd2 g6 21.a5 a6 22.Be2 Rc7
23.b4 Kc8 24.Rb3 Kb8 25.b5 axb5 26.Bxb5 Nc6 27.a6 Na5 28.Rb4 Rhc8 29.Bd3 Ka7
30.axb7 Rxb7 31.Rxb7+ Kxb7  1/2-1/2

[Event "Komercni Banka op"]
[Site "Olomouc"]
[Date "1995.??.??"]
[Round "7"]
[White "Berezjuk, Sergej"]
[Black "Pastor, Karel Jr"]
[Result "1/2-1/2"]
[WhiteElo "2395"]
[BlackElo "2260"]

1.e4 e6 2.d4 d5 3.Nc3 Nf6 4.e5 Nfd7 5.Nce2 c5 6.c3 Nc6 7.f4 f6 8.Nf3 Qb6
9.a3 cxd4 10.cxd4 Be7 11.Nc3 O-O 12.Na4 Qc7 13.Bd3 Rb8 14.O-O b5 15.Nc3 a6
16.Ne2 a5 17.Qc2 f5 18.h3 Qb6 19.g4 g6 20.b3 Ba6 21.Be3 a4 22.bxa4 bxa4 23.Rfb1 Bxd3  1/2-1/2

[Event "HUN-ch U18"]
[Site "Paks"]
[Date "1995.??.??"]
[Round "?"]
[White "Turzo, Attila"]
[Black "Szabo, Zsolt Jozsef"]
[Result "1-0"]
[WhiteElo "2265"]
[BlackElo "2225"]

1.e4 e6 2.d4 d5 3.Nc3 Nf6 4.e5 Nfd7 5.f4 c5 6.Nf3 Nc6 7.Be3 cxd4 8.Nxd4 Nxd4
9.Bxd4 Nb8 10.Qd2 Nc6 11.O-O-O Bd7 12.Kb1 Nxd4 13.Qxd4 Qa5 14.Ne4 Qa4 15.Qxa4 Bxa4
16.Ng5 Rc8 17.Bd3 h6 18.Nf3 Bc5 19.h4 h5 20.g3 Ke7 21.Rh2 a6 22.Bf1 Rc7 23.a3 Rhc8
24.b3 Bd7 25.Kb2 Ba7 26.Rdd2 Bb6 27.Rd1 Ba5 28.Nd4 Rc3 29.Bd3 Bb6 30.Ne2 R3c7
31.c3 Be3 32.Rhh1 b5 33.b4 f6 34.Rhf1 f5  1-0

[Event "Pardubice op"]
[Site "Pardubice"]
[Date "1995.??.??"]
[Round "?"]
[White "Votava, Jan"]
[Black "Kiriakov, Petr"]
[Result "1-0"]
[WhiteElo "2440"]
[BlackElo "2495"]

1.e4 e6 2.d4 d5 3.Nc3 Nf6 4.e5 Nfd7 5.f4 c5 6.Nf3 Nc6 7.Be3 a6 8.Qd2 b5 9.dxc5 Bxc5
10.Bxc5 Nxc5 11.Qf2 Qb6 12.Bd3 Rb8 13.O-O Nb4 14.Rfd1 Na4 15.Nxa4 bxa4 16.Bf1 Qxf2+
17.Kxf2 Ke7 18.Rd2 Rb6 19.b3 Bd7 20.c4 axb3 21.axb3 Rc8 22.g3 Rc5 23.Ra3 a5
24.Nd4 a4 25.cxd5 Rxd5 26.bxa4 Ra5 27.Nb3 Ra7 28.Nc5 Be8 29.a5 Rc6 30.Ne4 Rcc7
31.Nd6 Bc6 32.Bc4 Ra8 33.Rb2 Nd5 34.a6 f6 35.Bb5 fxe5 36.fxe5 Rf8+ 37.Rf3 Rxf3+
38.Kxf3 Ba8 39.Kf2 Nc3 40.Be2 Nxe2 41.Kxe2 Rc5 42.Rb7+ Bxb7 43.axb7 Rc2+
44.Kd3 Rb2 45.Kc4  1-0

[Event "Pardubice op"]
[Site "Pardubice"]
[Date "1995.??.??"]
[Round "?"]
[White "Zhelnin, Vladimir V"]
[Black "Kiriakov, Petr"]
[Result "0-1"]
[WhiteElo "2440"]
[BlackElo "2495"]

1.e4 e6 2.d4 d5 3.Nc3 Nf6 4.e5 Nfd7 5.Nf3 c5 6.dxc5 Nc6 7.Bf4 Bxc5 8.Bd3 f6
9.exf6 Nxf6 10.O-O O-O 11.Ne5 Bd7 12.a3 a6 13.Nxc6 Bxc6 14.Qe2 Ne4 15.Bg3 Nxg3
16.Qxe6+ Kh8 17.hxg3 Rxf2 18.Rxf2 Bxf2+ 19.Kxf2 Qb6+ 20.Kf3 Re8 21.Qf5 g6
22.Qf7 Qe3+ 23.Kg4 Qh6 24.Qf6+ Kg8 25.Qd6 Rf8 26.Qe6+ Rf7 27.Qxf7+ Kxf7 28.Rf1+ Ke7
29.Kf3 d4+ 30.Ne4 Qe3+  0-1

[Event "Pardubice op"]
[Site "Pardubice"]
[Date "1995.??.??"]
[Round "?"]
[White "Jaracz, Pawel"]
[Black "Nikolenko, Oleg"]
[Result "1/2-1/2"]
[WhiteElo "2395"]
[BlackElo "2475"]

1.e4 e6 2.d4 d5 3.Nc3 Nf6 4.e5 Nfd7 5.f4 c5 6.Nf3 Nc6 7.Be3 cxd4 8.Nxd4 Qb6
9.a3 Bc5 10.Na4 Qa5+ 11.c3 Bxd4 12.Bxd4 Nxd4 13.Qxd4 b6 14.Qb4 Qxb4 15.axb4 Ke7
16.Bb5 Bb7 17.b3 Rac8 18.Kd2 Bc6 19.Bxc6 Rxc6 20.Nb2 Rc7 21.Nd3 Rhc8 22.Rhc1 f6
23.h4 h5 24.Ra4 Kf7 25.b5 Kg6 26.c4 dxc4 27.bxc4 Nc5 28.Nxc5 Rxc5 29.Rxa7 Rxc4
30.Rxc4 Rxc4 31.Rb7 Rxf4 32.Rxb6 Kf5 33.exf6 gxf6 34.Rc6 Rf2+ 35.Kc3 Rxg2
36.b6 Rg8 37.b7 Rb8 38.Rb6 e5 39.Kd3 Kg4 40.Ke4 Kxh4 41.Kf5 Kg3 42.Rb3+ Kf2
43.Rb4 Kf3 44.Rb3+ Kf2 45.Rb4 Kf3 46.Rb3+ Ke2 47.Kxf6 e4 48.Kf5 e3 49.Kf4 Kf2
50.Rxe3 Rxb7 51.Rh3 Rb5 52.Rh2+ Kg1 53.Ra2  1/2-1/2

[Event "Pardubice op"]
[Site "Pardubice"]
[Date "1995.??.??"]
[Round "?"]
[White "Stripunsky, Alexander"]
[Black "Hmadi, Slaheddine"]
[Result "0-1"]
[WhiteElo "2495"]
[BlackElo "2325"]

1.e4 e6 2.d4 d5 3.Nc3 Nf6 4.e5 Nfd7 5.f4 c5 6.Nf3 Nc6 7.Be3 Qb6 8.Na4 Qa5+
9.c3 b6 10.Bd2 c4 11.b4 Nxb4 12.cxb4 Bxb4 13.Qc2 Bxd2+ 14.Nxd2 b5 15.Nc3 b4
16.Qa4 Qb6 17.Nb5 O-O 18.Nf3 f6 19.Nd6 fxe5 20.Nxc8 Raxc8 21.Qxd7 Rc7 22.Qa4 e4
23.g3 exf3 24.Qd1 b3 25.axb3 Qb4+ 26.Qd2 c3 27.Qc2 Qxd4 28.Bd3 e5 29.fxe5 Re7
30.O-O-O Qb4 31.Qa2 Rxe5 32.Qa4 Qe7 33.Kb1 f2 34.Qh4 g5 35.Qd4 Rc8 36.Qxf2 Qa3
37.Rhf1 Qxb3+ 38.Ka1 d4 39.Qa2 Ra5 40.Bb1  0-1

[Event "Paris op"]
[Site "Paris"]
[Date "1995.??.??"]
[Round "?"]
[White "Fogarasi, Tibor"]
[Black "Bricard, Emmanuel"]
[Result "0-1"]
[WhiteElo "2500"]
[BlackElo "2500"]

1.e4 e6 2.d4 d5 3.Nc3 Nf6 4.e5 Nfd7 5.f4 c5 6.Nf3 Nc6 7.Be3 cxd4 8.Nxd4 Bc5
9.Qd2 O-O 10.O-O-O a6 11.h4 Bxd4 12.Bxd4 b5 13.Rh3 b4 14.Na4 Qa5 15.b3 Nxd4
16.Qxd4 Bb7 17.c3 Rfc8 18.Kb2 bxc3+ 19.Rxc3 Rxc3 20.Qxc3 Qd8 21.g3 Rc8 22.Qe3 Bc6
23.Nc3 a5 24.Bd3 Rb8 25.Ne2 a4 26.Nd4 Qb6 27.f5 axb3 28.axb3 Nc5 29.Bc2 exf5
30.Nxf5 h6 31.Qf3 Qc7 32.Qe3 Ba4 33.Nd4 Bd7 34.Rf1 Be6 35.Rd1 Kh8 36.Qf4 Rc8
37.Rc1 Qb6 38.Rd1 Qb4 39.Rd2 Ra8 40.Qe3 Qa3+ 41.Kc3 Qa1+  0-1

[Event "WchT U26"]
[Site "Parnaiba"]
[Date "1995.??.??"]
[Round "?"]
[White "Mariano, Nelson"]
[Black "Manninen, Marko"]
[Result "0-1"]
[WhiteElo "2510"]
[BlackElo "2365"]

1.e4 e6 2.d4 d5 3.Nc3 Nf6 4.e5 Nfd7 5.f4 c5 6.Nf3 Nc6 7.Be3 cxd4 8.Nxd4 Qb6
9.a3 Bc5 10.Na4 Qa5+ 11.c3 Bxd4 12.Bxd4 Nxd4 13.Qxd4 b6 14.Qb4 Qxb4 15.axb4 Ke7
16.Bb5 Bb7 17.O-O Rhc8 18.Rfc1 Bc6 19.Ba6 Rc7 20.b3 Rg8 21.h4 f6 22.exf6+ gxf6
23.Kf2 f5 24.Bf1 Rg4 25.g3 Nf6 26.Bg2 Ne4+ 27.Bxe4 dxe4 28.c4 e3+ 29.Ke2 Bxa4
30.Rxa4 Rxg3 31.Rca1 e5 32.Rxa7 Rxa7 33.Rxa7+ Ke6 34.Kd3 exf4 35.Ra2 Rg8
36.c5 b5 37.Rc2 Kd7 38.Rh2 Kc6 39.Ke2 Re8 40.Rh1 Re4  0-1

[Event "World op"]
[Site "Philadelphia"]
[Date "1995.??.??"]
[Round "3"]
[White "Ulfarsson, Magnus Orn"]
[Black "Schwartzman, Gabriel"]
[Result "0-1"]
[WhiteElo "2225"]
[BlackElo "2495"]

1.e4 e6 2.d4 d5 3.Nc3 Nf6 4.e5 Nfd7 5.f4 c5 6.Nf3 Nc6 7.Be3 a6 8.Qd2 b5 9.O-O-O b4
10.Ne2 c4 11.c3 Qa5 12.Kb1 Rb8 13.Qe1 Nb6 14.Bc1 Na4  0-1

[Event "Polanica Zdroj op"]
[Site "Polanica Zdroj"]
[Date "1995.??.??"]
[Round "7"]
[White "Jaracz, Pawel"]
[Black "Cichocki, Adam"]
[Result "1/2-1/2"]
[WhiteElo "2395"]
[BlackElo "2375"]

1.e4 e6 2.d4 d5 3.Nc3 Nf6 4.e5 Nfd7 5.f4 c5 6.Nf3 Nc6 7.Be3 Qb6 8.Na4 Qa5+
9.c3 c4 10.b4 Qc7 11.Be2 Be7 12.g4 b5 13.Nc5 Nxc5 14.dxc5 a5 15.a3 f6 16.Nd4 fxe5
17.Nxb5 Qb8 18.Nd6+ Bxd6 19.cxd6 exf4 20.Bxf4 O-O 21.O-O axb4 22.axb4 Rxa1
23.Qxa1 e5 24.Be3 Rxf1+ 25.Qxf1 Qxd6 26.Bc5 Qf6 27.Qa1 e4 28.Qa8 Qe6 29.b5 Ne5
30.Kg2 Kf7 31.b6 Qd7 32.h3 h5 33.Qb8 Nd3 34.Bd4 Ne1+ 35.Kf1 Nd3 36.Qg3 Kg8
37.Kg1 Nc1 38.Bd1 Nb3 39.Be3 d4 40.cxd4 Nxd4 41.Qc7 Qxc7 42.bxc7 Ne6 43.Bb6 Kf7
44.Bc2 hxg4 45.hxg4 Ng5 46.Be3 Kf6 47.Kf2 Bxg4 48.Bxg5+ Kxg5 49.Ke3 Kf6 50.Bxe4 Ke5
51.Bb7 g5  1/2-1/2